00401nam a22001337a 4500020001800000040000900018082001600027100002400043245010800067260002600175300001200201650002600213651002800239 a9781612680002 cNUST a322.024,KIY aKiyosaki, Robert T. aRich dad poor dad: bwhat the rich teach their kids about money that the poor and middle class do not / aUSbFirst Platac2011 a183 p.; astruggled financially a financial independence